00653nam a2200229Ia 4500001000900000003000500009005001700014008004100031010001100072040000900083082001900092100001700111245008600128260003100214300001100245500005800256503000700314504003100321650002000352650001600372700003500388dia_7757CHAP20251023151731.0220117s1964 xx 000 0 und d a179223 cCHAP a631.8 C66 1964 aCooke, G. W. aFertilizantes y sus usos /c G. W. Cooke ; traducción Alonso Blackaller Valdes aMéxico :b CECSA,c1964 a180 p. aTítulo original: Fertilizers and profitable farming aD. aBibliografía: p. 173-175 aFertilizantes  aFertilizers aBlackaller Valdes, Alonso, tr.